Mobile Computing (Record no. 314061)

MARC details
000 -LEADER
fixed length control field 00442nam a2200157Ia 4500
008 - FIXED-LENGTH DATA ELEMENTS--GENERAL INFORMATION
fixed length control field 230718s9999 xx 000 0 und d
041 ## - LANGUAGE CODE
Language code of text/sound track or separate title eng
082 ## - DEWEY DECIMAL CLASSIFICATION NUMBER
Classification number 004.2
Item number TAL
100 ## - MAIN ENTRY--PERSONAL NAME
Personal name Talukder A.K.
245 ## - TITLE STATEMENT
Title Mobile Computing
Remainder of title Technology Applications And Service Creation
260 ## - PUBLICATION, DISTRIBUTION, ETC. (IMPRINT)
Date of publication, distribution, etc. 2006
Name of publisher, distributor, etc. Tata McGraw- Hill
300 ## - PHYSICAL DESCRIPTION
Extent 668
365 ## - TRADE PRICE
Currency code Rs.
Price amount 495.00
700 ## - ADDED ENTRY--PERSONAL NAME
Personal name Talukder A.K. & Yavagal R.R.
906 ## - LOCAL DATA ELEMENT F, LDF (RLIN)
d 1060700404/17.7.06
c IT
b 99
Holdings
Withdrawn status Lost status Damaged status Not for loan Home library Current library Date acquired Vendor Budget Code Cost, normal purchase price Bill number Total Checkouts Full call number Barcode Date last seen Discount Cost, replacement price Bill Date Koha item type Original Barcode
        Cummins College of Engineering for Women Pune Cummins College of Engineering for Women Pune 18/07/2006 Varma Book Distributors IT 396.00 1060700404/17.7.06   004.2 CCEP-BK-25268 18/07/2023 99 495.00 17/07/2006 Books 025268